[Event "Tabor op"]
[Site "Tabor"]
[Date "2013.08.03"]
[Round "8"]
[White "Novak, Rudolf"]
[Black "Zilava, Katerina"]
[Result "1/2-1/2"]
[WhiteElo "1707"]
[BlackElo "1424"]
[PlyCount "54"]
[EventDate "2013.07.28"]
[EventType "swiss"]
[EventRounds "9"]
[EventCountry "CZE"]
[SourceTitle "CBM 155 Extra"]
[Source "ChessBase"]
[SourceDate "2013.08.26"]
[SourceVersion "1"]
[SourceVersionDate "2013.08.26"]
[SourceQuality "1"]

1. e4 e5 2. Nf3 Nc6 3. Bc4 Bc5 4. 0-0 d6 5. h3 Nf6 6. Re1 0-0 7. c3 Be6 8. Bxe6 fxe6 9. d4 exd4 10. cxd4 Bb6 11. Bg5 Qd7 12. Nc3 Rae8 13. Na4 Ba5 14. Re2 b5 15. Nc3 a6 16. a3 Bb6 17. Bxf6 Rxf6 18. d5 Na5 19. dxe6 Qxe6 20. Qd5 Nc4 21. Ng5 Qxd5 22. Nxd5 Rg6 23. Nxb6 Nxb6 24. h4 h6 25. Nh3 Rg4 26. f3 Rxh4 27. Kf2 Rh5 1/2-1/2

[Event "Tabor op"]
[Site "Tabor"]
[Date "2013.07.28"]
[Round "1"]
[White "Tesar, Jan"]
[Black "Novak, Rudolf"]
[Result "1-0"]
[WhiteElo "2094"]
[BlackElo "1707"]
[PlyCount "45"]
[EventDate "2013.07.28"]
[EventType "swiss"]
[EventRounds "9"]
[EventCountry "CZE"]
[SourceTitle "CBM 155 Extra"]
[Source "ChessBase"]
[SourceDate "2013.08.26"]
[SourceVersion "1"]
[SourceVersionDate "2013.08.26"]
[SourceQuality "1"]

1. d4 d5 2. c4 e6 3. Nc3 Nf6 4. cxd5 Nxd5 5. e4 Nxc3 6. bxc3 Be7 7. Nf3 Nd7 8. Bd3 0-0 9. Bc2 b6 10. Qd3 g6 11. h4 a5 12. h5 Ba6 13. Qe3 c5 14. Qh6 Nf6 15. hxg6 fxg6 16. Ng5 Rf7 17. Nxf7 Kxf7 18. e5 Bf8 19. Qf4 cxd4 20. exf6 h5 21. Bxg6+ Kxg6 22. Qg5+ Kf7 23. Qxh5+ 1-0

[Event "Karlovy Vary op"]
[Site "Karlovy Vary"]
[Date "2009.04.30"]
[Round "2"]
[White "Ruzicka, Tomas"]
[Black "Novak, Rudolf"]
[Result "1-0"]
[WhiteElo "1791"]
[BlackElo "1366"]
[PlyCount "103"]
[EventDate "2009.04.29"]
[EventType "swiss"]
[EventRounds "7"]
[EventCountry "CZE"]
[SourceTitle "CBM 130 Extra"]
[Source "ChessBase"]
[SourceDate "2009.07.02"]
[SourceVersion "2"]
[SourceVersionDate "2009.07.15"]
[SourceQuality "1"]

1. e4 d6 2. d4 Nf6 3. Nc3 g6 4. Bd3 Bg7 5. Nge2 0-0 6. 0-0 Nc6 7. Be3 Bg4 8. Qd2 a6 9. f3 Bd7 10. Rf2 b5 11. Raf1 Nb4 12. f4 Nxd3 13. cxd3 Ng4 14. Rf3 Nxe3 15. Qxe3 Bg4 16. Rg3 Bxe2 17. Nxe2 e6 18. Rgf3 f5 19. h3 Qh4 20. Kh2 Rac8 21. g3 Qf6 22. e5 Qe7 23. Qd2 c5 24. dxc5 dxe5 25. fxe5 Rxc5 26. d4 Rd8 27. Qb4 Rc7 28. Qb3 Rdc8 29. Kg1 Bh6 30. a3 Rc2 31. Nf4 Bxf4 32. Rxf4 Kg7 33. R1f2 Rxf2 34. Rxf2 Qd7 35. Rd2 Rc5 36. Qe3 Rc1+ 37. Kf2 Qd5 38. Ke2 Rh1 39. h4 Rh2+ 40. Kd1 Qa2 41. Rxh2 Qb1+ 42. Qc1 Qd3+ 43. Qd2 Qb1+ 44. Qc1 Qd3+ 45. Rd2 Qf1+ 46. Kc2 Qc4+ 47. Kb1 Qd5 48. Qc5 Qh1+ 49. Ka2 Qd5+ 50. Qxd5 exd5 51. Kb3 a5 52. Rc2 1-0

[Event "Tabor op"]
[Site "Tabor"]
[Date "2007.08.02"]
[Round "6"]
[White "Haman, Jakub"]
[Black "Novak, Rudolf"]
[Result "1/2-1/2"]
[WhiteElo "1687"]
[BlackElo "1591"]
[PlyCount "109"]
[EventDate "2007.07.29"]
[EventType "swiss"]
[EventRounds "9"]
[EventCountry "CZE"]
[SourceTitle "EXT 2009"]
[Source "ChessBase"]
[SourceDate "2008.11.26"]
[SourceVersion "1"]
[SourceVersionDate "2008.11.26"]
[SourceQuality "1"]

1. e4 c5 2. d4 cxd4 3. c3 d6 4. cxd4 Nf6 5. Nc3 e6 6. Nf3 Be7 7. Bd3 0-0 8. Qc2 h6 9. Bf4 Nc6 10. a3 Nxd4 11. Nxd4 e5 12. Be3 exd4 13. Bxd4 Bd7 14. f4 Bc6 15. 0-0 a6 16. b4 b5 17. Qe2 Qd7 18. Rad1 Qb7 19. Rfe1 Bd8 20. Kh1 Re8 21. Qf3 Qe7 22. Qg3 Nh5 23. Qf3 Nf6 24. Re2 Rb8 25. Rde1 Bb6 26. Bxb6 Rxb6 27. Nd5 Bxd5 28. exd5 Qd7 29. Rxe8+ Nxe8 30. Qe3 Rb8 31. Be4 Nf6 32. Qd3 Re8 33. Re2 Qc8 34. g3 Qc1+ 35. Kg2 Nxe4 36. Rxe4 Rxe4 37. Qxe4 Kf8 38. Qd3 Qb2+ 39. Kh3 Qc1 40. Kg4 Qh1 41. Kh3 Qc1 42. Qf5 Qc7 43. Kg4 g6 44. Qf6 h5+ 45. Kg5 Qe7 46. Qxe7+ Kxe7 47. h3 Kf8 48. Kf6 Ke8 49. f5 gxf5 50. Kxf5 Ke7 51. Kg5 h4 52. gxh4 f6+ 53. Kg6 f5 54. Kxf5 Kf7 55. h5 1/2-1/2

[Event "Tabor op"]
[Site "Tabor"]
[Date "2007.07.31"]
[Round "4"]
[White "Novak, Rudolf"]
[Black "Kouba, Pavel"]
[Result "1-0"]
[WhiteElo "1591"]
[BlackElo "1687"]
[PlyCount "70"]
[EventDate "2007.07.29"]
[EventType "swiss"]
[EventRounds "9"]
[EventCountry "CZE"]
[SourceTitle "EXT 2009"]
[Source "ChessBase"]
[SourceDate "2008.11.26"]
[SourceVersion "1"]
[SourceVersionDate "2008.11.26"]
[SourceQuality "1"]

1. e4 e5 2. Nf3 Nc6 3. Bb5 a6 4. Ba4 d6 5. 0-0 Bg4 6. c3 Nf6 7. Re1 Be7 8. d4 exd4 9. cxd4 0-0 10. Nc3 Nd7 11. Nd5 Re8 12. Bxc6 bxc6 13. Nf4 c5 14. dxc5 Nxc5 15. h3 Bd7 16. b4 Ne6 17. Nd5 Bf8 18. Qc2 c6 19. Nf4 Qb6 20. Qc3 a5 21. Be3 Qxb4 22. Qc2 Nxf4 23. Bxf4 Qb7 24. Rab1 Qc7 25. Rbd1 Re6 26. Ng5 Rg6 27. h4 Be7 28. Rd3 h6 29. Nf3 Rd8 30. Bg3 Be6 31. Nd4 c5 32. Nf5 Bxf5 33. exf5 Rf6 34. Rd5 h5 35. Qe2 Rh6 1-0

[Event "Tabor op"]
[Site "Tabor"]
[Date "2005.08.06"]
[Round "9"]
[White "Drazsky, Roman"]
[Black "Novak, Rudolf"]
[Result "1-0"]
[WhiteElo "1485"]
[BlackElo "1602"]
[PlyCount "67"]
[EventDate "2005.07.30"]
[EventType "swiss"]
[EventRounds "9"]
[EventCountry "CZE"]
[SourceTitle "EXT 2006"]
[Source "ChessBase"]
[SourceDate "2005.11.24"]
[SourceVersion "1"]
[SourceVersionDate "2005.11.24"]
[SourceQuality "1"]

1. e4 c5 2. Nf3 d6 3. d4 cxd4 4. Nxd4 g6 5. Nc3 Bg7 6. Be3 Nf6 7. Be2 0-0 8. Qd2 Nc6 9. 0-0-0 a6 10. Bh6 Nxd4 11. Bxg7 Nxe2+ 12. Qxe2 Kxg7 13. h4 Qa5 14. f3 h5 15. Kb1 Be6 16. Qe3 Rh8 17. a3 Rac8 18. Nd5 Nxd5 19. exd5 Bf5 20. Rd2 Qc7 21. Rc1 Rhe8 22. g4 hxg4 23. fxg4 Bd7 24. h5 e6 25. hxg6 exd5 26. Qd4+ f6 27. Rf2 Re5 28. Qf4 Re6 29. Rh1 Rh8 30. Rxh8 Re1+ 31. Ka2 Qc4+ 32. Qxc4 dxc4 33. Rh7+ Kxg6 34. Rxd7 1-0

[Event "Strmilov op"]
[Site "Strmilov"]
[Date "2005.06.03"]
[Round "6"]
[White "Lauko, Marian"]
[Black "Novak, Rudolf"]
[Result "1/2-1/2"]
[WhiteElo "1872"]
[BlackElo "1603"]
[PlyCount "92"]
[EventDate "2005.06.01"]
[EventType "swiss"]
[EventRounds "6"]
[EventCountry "CZE"]
[SourceTitle "EXT 2006"]
[Source "ChessBase"]
[SourceDate "2005.11.24"]
[SourceVersion "1"]
[SourceVersionDate "2005.11.24"]
[SourceQuality "1"]

1. d4 Nf6 2. c4 c6 3. Nc3 g6 4. e4 d6 5. Bg5 Bg7 6. Qd2 Nbd7 7. Be2 a6 8. a4 Rb8 9. f4 h6 10. Bh4 b5 11. axb5 axb5 12. cxb5 c5 13. Bf2 Bb7 14. Bf3 cxd4 15. Bxd4 e5 16. Be3 exf4 17. Bxf4 Ne5 18. Nge2 g5 19. Bxe5 dxe5 20. Qxd8+ Rxd8 21. Ra7 Rd7 22. g3 g4 23. Bg2 0-0 24. Kf2 Ra8 25. b6 Bf8 26. Rxa8 Bxa8 27. Ra1 Bc5+ 28. Ke1 Bc6 29. Nd5 Nxd5 30. exd5 Bb7 31. Ra4 f5 32. h3 h5 33. hxg4 hxg4 34. Nc3 Bxb6 35. Rb4 Ba5 36. Rb5 Bxc3+ 37. bxc3 Ba6 38. Rb6 Bc4 39. d6 e4 40. Kd2 Kf7 41. Ke3 Ke6 42. Kd4 Bd3 43. Kc5 Be2 44. Rb2 Bd3 45. Rb6 Ra7 46. Kc6 Rd7 1/2-1/2

[Event "Strmilov op"]
[Site "Strmilov"]
[Date "2005.06.03"]
[Round "5"]
[White "Novak, Rudolf"]
[Black "Ducho, Pavel"]
[Result "1-0"]
[WhiteElo "1602"]
[BlackElo "1474"]
[PlyCount "47"]
[EventDate "2005.06.01"]
[EventType "swiss"]
[EventRounds "6"]
[EventCountry "CZE"]
[SourceTitle "EXT 2006"]
[Source "ChessBase"]
[SourceDate "2005.11.24"]
[SourceVersion "1"]
[SourceVersionDate "2005.11.24"]
[SourceQuality "1"]

1. e4 e5 2. Nf3 Nc6 3. Bb5 a6 4. Ba4 Nf6 5. 0-0 b5 6. Bb3 d6 7. d4 Be7 8. dxe5 dxe5 9. Qe2 0-0 10. Nc3 Bd6 11. Bg5 Be6 12. Nd5 h6 13. Nxf6+ gxf6 14. Bxh6 Kh7 15. Bxf8 Qxf8 16. Bxe6 fxe6 17. c3 Kg8 18. Nh4 Kf7 19. Qh5+ Kg8 20. Rad1 Qg7 21. Rd3 Kf8 22. Rg3 Qf7 23. Qh8+ Ke7 24. Qxa8 1-0

[Event "Strmilov op"]
[Site "Strmilov"]
[Date "2004.05.08"]
[Round "7"]
[White "Straka, Zdenek"]
[Black "Novak, Rudolf"]
[Result "1-0"]
[WhiteElo "1913"]
[BlackElo "1557"]
[PlyCount "91"]
[EventDate "2004.05.05"]
[EventType "swiss"]
[EventRounds "9"]
[EventCountry "CZE"]
[SourceTitle "EXT 2006"]
[Source "ChessBase"]
[SourceDate "2005.11.24"]
[SourceVersion "1"]
[SourceVersionDate "2005.11.24"]
[SourceQuality "1"]

1. d4 Nf6 2. Bg5 g6 3. Nc3 Bg7 4. e4 d6 5. Bd3 c6 6. Qd2 0-0 7. Bh6 b5 8. h4 Qb6 9. Nge2 a6 10. Bxg7 Kxg7 11. h5 e5 12. hxg6 fxg6 13. Qh6+ Kg8 14. d5 Qc7 15. f3 c5 16. Ng3 c4 17. Be2 Qg7 18. Qe3 Qa7 19. Qg5 Qg7 20. Rh6 Ra7 21. Nd1 Rc7 22. Nf2 b4 23. 0-0-0 a5 24. Rdh1 Qh8 25. Kb1 c3 26. b3 Na6 27. Bc4 Nc5 28. f4 exf4 29. Qxf4 Ne8 30. Rxg6+ Rg7 31. Rxg7+ Qxg7 32. Qe3 Qf6 33. Nd3 Nxd3 34. Bxd3 Rf7 35. Rf1 Qg7 36. Rxf7 Qxf7 37. Be2 Qg7 38. Kc1 h6 39. Kd1 Qg5 40. Qxg5+ hxg5 41. Ke1 Kg7 42. Kf2 Kf6 43. Ke3 Ke5 44. Nh1 Nf6 45. Nf2 Bd7 46. Nd3# 1-0

[Event "Strmilov op"]
[Site "Strmilov"]
[Date "2004.05.07"]
[Round "5"]
[White "Havluj, Zdenek"]
[Black "Novak, Rudolf"]
[Result "0-1"]
[WhiteElo "1958"]
[BlackElo "1557"]
[PlyCount "114"]
[EventDate "2004.05.05"]
[EventType "swiss"]
[EventRounds "9"]
[EventCountry "CZE"]
[SourceTitle "EXT 2006"]
[Source "ChessBase"]
[SourceDate "2005.11.24"]
[SourceVersion "1"]
[SourceVersionDate "2005.11.24"]
[SourceQuality "1"]

1. e4 c5 2. Nf3 d6 3. d4 cxd4 4. Nxd4 a6 5. Nc3 Nf6 6. Bg5 e6 7. f4 Be7 8. Qf3 Qc7 9. 0-0-0 b5 10. g4 Bb7 11. Bxf6 gxf6 12. Bxb5+ axb5 13. Ndxb5 Qb6 14. f5 Rxa2 15. Nxd6+ Bxd6 16. Nxa2 Be5 17. Nc3 Qa5 18. fxe6 fxe6 19. Qd3 Ba6 20. Qh3 Qa1+ 21. Kd2 Qxb2 22. Rb1 Bxc3+ 23. Qxc3 Qxc3+ 24. Kxc3 Ke7 25. Rb3 Rc8+ 26. Kd2 Bc4 27. Ra1 Nc6 28. Rb7+ Kd6 29. Rxh7 Rg8 30. h3 Ke5 31. Ke3 Nb4 32. Ra5+ Kd6 33. Rh6 Bf1 34. Kf2 Bc4 35. c3 Nc6 36. Rah5 Rf8 37. Ke3 Bf1 38. Rh7 Nb8 39. Rb7 Nd7 40. Rh7 Rd8 41. h4 Bh3 42. Kf4 Nf8 43. h5 Rc8 44. Rhf7 f5 45. e5+ Kd5 46. c4+ Rxc4+ 47. Kg5 Rxg4+ 48. Kf6 Rg8 49. Rg7 Rh8 50. Rb8 Nh7+ 51. Rxh7 Rxb8 52. Rd7+ Ke4 53. h6 f4 54. Kg7 Bf5 55. h7 Bxh7 56. Kxh7 Kxe5 57. Kg6 Rg8+ 0-1